00651nab a2200193 uc450000100070000000500170000700800410002403500110006503500210007604000130009704100080011010000370011824500690015565000420022465000340026677301280030094200100042899900190043866113520240201162451.0010430nuuuuuuuu spa  a661135 a(OCoLC)819906575 ccomduadb aspa10aDuque, Horacio4auteaut933763513aLa ruta de la descentralizacion: hacia la democracia territorial aDescentralización - Colombia958301 aDemocracia territorial9739710 tEconomía Colombiana y Coyuntura Política (Bogotá)gNo. 269, Ene. 1998, Suplemento, p. 16-19w133114x0120-4998071163 cARIMP c186986d186986